Statystyki dla Kraje najbliższe Cyprowi - Jednominutowy sprint

Kliknij tutaj aby rozwiązać quiz!

Ogólne statystyki

  • Ten quiz został rozwiązany 34 razy
  • Średni wynik to 12 z 20

Statystyki odpowiedzi

kmkraj% Poprawnych
76Turcja
100%
264Grecja
97%
352Egipt
86%
228Izrael
79%
846Bułgaria
76%
103Syria
76%
1158Albania
69%
463Irak
62%
893Iran
62%
756Libia
62%
1070Macedonia Północna
62%
471Arabia Saudyjska
55%
170Liban
55%
291Jordania
52%
935Armenia
41%
887Gruzja
41%
999Rumunia
41%
1079Azerbejdżan
38%
970Rosja
38%
288Palestyna
10%

Rozkład punktacji

Percentyl według liczby udzielonych odpowiedzi

Procent ludzi z każdym wynikiem

Twoja historia wyników

Nie rozwiązałeś tego quizu